000 00624nam a2200265Ia 4500
005 20260121170845.0
008 008 260114s9999 xx 000 0 eng d
020 _a9783319940397
037 _aEBOOK
040 _aCRL
040 _beng
040 _cCRL
041 _2eng
041 _aeng
084 _qCRL
100 _aManuela Mosca
_91069016
245 0 _aPower in Economic Thought
260 _bSpringer
260 _bSpringer
260 _c2018
856 _uhttps://link.springer.com/openurl?genre=book&isbn=978-3-319-94039-7
942 _cEBOOK
999 _c1634746
_d1634746